La muñeca ahorcada / (Registro nro. 168549)

Detalles MARC
000 -LEADER
campo de control de longitud fija 00542nam a22001815i 4500
001 - NÚMERO DE CONTROL
campo de control 168549
003 - IDENTIFICADOR DE NÚMERO DE CONTROL
campo de control ES-MaACL
005 - FECHA Y HORA DE LA ÚLTIMA TRANSACCIÓN
campo de control 20230906213822.0
008 - DATOS DE LONGITUD FIJA--INFORMACIÓN GENERAL
campo de control de longitud fija 080421s1971 sp |||| | spa d
080 ## - NÚMERO DE LA CLASIFICACIÓN DECIMAL UNIVERSAL
Número de la Clasificación Decimal Universal 820-312.4"19"
100 1# - ENTRADA PRINCIPAL--NOMBRE DE PERSONA
Nombre de persona MacLean, Alistair.
9 (RLIN) 137637
245 13 - MENCIÓN DEL TÍTULO
Título La muñeca ahorcada /
Mención de responsabilidad, etc. por Alistair MacLean ; [traducción de Adolfo Martín].
250 ## - MENCION DE EDICION
Mención de edición 1ª ed.
260 ## - PUBLICACIÓN, DISTRIBUCIÓN, ETC.
Lugar de publicación, distribución, etc. Barcelona :
Nombre del editor, distribuidor, etc. Plaza Janés,
Fecha de publicación, distribución, etc. 1971.
300 ## - DESCRIPCIÓN FÍSICA
Extensión 314 p. ;
Dimensiones 20 cm.
700 1# - ENTRADA AGREGADA--NOMBRE PERSONAL
Nombre de persona Martín, Adolfo.
9 (RLIN) 77259
852 ## - LOCALIZACIÓN
Ubicación ES-MaACL
Número de control de estantería C-41159
itemnumber R.78894
Existencias
Estatus retirado Estado de pérdida Estado de daño No para préstamo Biblioteca de origen Biblioteca actual Ubicación en estantería Fecha de adquisición Fuente de adquisición Total de préstamos Signatura topográfica completa Código de barras Visto por última vez Precio de reemplazo Tipo de ítem Koha
        Biblioteca del Ateneo de Madrid Biblioteca del Ateneo de Madrid Depósito 2 21/04/2008     C-41159 1176874 23/02/2023 23/02/2023 Libro impreso